000 00289nam a22001097a 4500
008 170117b xxu||||| |||| 00| 0 eng d
020 _a0721677142
041 _aeng
080 _22ND
_a618.2
245 _aFINANCIAL MANAGEMENT FOR NURSE MANAGERS AND EXECUTIVES
_cFINKLER, S.A
942 _2udc
_cBK
999 _c2998
_d2998